000 00550nam a2200181Ia 4500
003 GCL
008 140319s9999 xx 000 0 ara d
040 _aGCL /
_cGCL
082 0 4 _a811.1
_bن ع
100 1 _aناهد احمد السيد الشعراوى
245 1 0 _aعناصر الابداع الفنى فى شعر عنترة /
_cناهد احمد السيد الشعراوى
300 _a240 ص
490 _a
650 0 4 _aالشعر العربى
650 0 4 _aعنترة بن شداد
650 0 4 _aتاريخ ونقد
942 _2ddc
_cBK
999 _c41996
_d41996